DECENTRALIZED WATER RECLAMATION / (Record no. 589373)
[ view plain ]
| 000 -LEADER | |
|---|---|
| fixed length control field | 00355nam a22001457a 4500 |
| 020 ## - INTERNATIONAL STANDARD BOOK NUMBER | |
| Qualifying information | HB. |
| 040 ## - CATALOGING SOURCE | |
| Transcribing agency | FIZZA ISHAQ |
| 082 ## - DEWEY DECIMAL CLASSIFICATION NUMBER | |
| Classification number | 628.162 |
| Author Mark | ROB |
| 100 ## - MAIN ENTRY--PERSONAL NAME | |
| Personal name | SIEGRIST, L. ROBERT. |
| 9 (RLIN) | 91210 |
| 245 ## - TITLE STATEMENT | |
| Title | DECENTRALIZED WATER RECLAMATION / |
| Statement of responsibility, etc. | ROBERT L. SIEGRIST. |
| 250 ## - EDITION STATEMENT | |
| Edition statement | 1sT ED. |
| 260 ## - PUBLICATION, DISTRIBUTION, ETC. | |
| Name of publisher, distributor, etc. | SPRINGER, |
| Date of publication, distribution, etc. | 2017. |
| 300 ## - PHYSICAL DESCRIPTION | |
| Extent | 947 P. ; |
| 942 ## - ADDED ENTRY ELEMENTS (KOHA) | |
| Source of classification or shelving scheme | |
| Koha item type | Book |
| Withdrawn status | Lost status | Source of classification or shelving scheme | Damaged status | Not for loan | Permanent Location | Current Location | Date acquired | Total Checkouts | Full call number | Barcode | Date last seen | Price effective from | Koha item type |
|---|---|---|---|---|---|---|---|---|---|---|---|---|---|
| NUST Baluchistan Campus (NBC) | NUST Baluchistan Campus (NBC) | 04/25/2022 | 628.162 ROB | Q-3084 | 04/25/2022 | 04/25/2022 | Book |
